Szczegóły MARC21

XVIII [Osiemnasty] Sejmik Morski : społeczno -gospodarcze skutki przemian własnościowych i organizacyjnyc h w gospodarce morskiej : sytuacja ludzi morza : praca zbiorowa /

005 -DATA I CZAS OSTATNIEJ MODYFIKACJI [,]
    • @
    • pole kontrolne
    • 20070315155141.9
040 -Instytucja sporządzająca opis [ , ]
    • a
    • Instytucja, która sporządziła opis (NP)
    • SZCZ U
    • c
    • Instytucja, która sporządziła rekord (NP)
    • SZCZ U
041 -Język dokumentu [0, ]
    • a
    • Język tekstu (P)
    • polski
    • h
    • Język tekstu oryginalnego i/lub pośredniego (P)
    • polski
942 -Rodzaj dokumentu [ , ]
    • c
    • Rodzaj dokumentu
    • Książka
245 -Strefa tytułu i oznaczenia odpowiedzialności [0, ]
    • a
    • Tytuł
    • XVIII [Osiemnasty] Sejmik Morski : Find
    • b
    • Ciąg dalszy tytułu (NP)
    • społeczno -gospodarcze skutki przemian własnościowych i organizacyjnyc h w gospodarce morskiej : sytuacja ludzi morza : praca zbiorowa / Find
    • c
    • Pozostałe elementy strefy tytułu i oznaczenia odpowiedzialności (NP)
    • Katolickie Stowarzyszenie "Civitas Christiana" : Związek Miast i GminMorskich ; pod red. Zygmunta Sójki.
260 -Strefa adresu wydawniczego [ , ]
    • a
    • Miejsce wydania (P)
    • Gdańsk ; Jastarnia :
    • b
    • Nazwa wydawcy (P)
    • "Civitas Christiana",
    • c
    • Data wydania (P)
    • 2002.
300 -Strefa opisu fizycznego [ , ]
    • a
    • Określenie formy książki i/lub objętość (NP)
    • 230 s. :
    • b
    • Oznaczenie ilustracji (NP)
    • wykr. :
    • c
    • Format (NP)
    • 21 cm.
500 -Uwaga ogólna [ , ]
    • a
    • Uwaga ogólna (NP)
    • Zeszyty Morskie - Bibliogr
080 -Uniwersalna Klasyfikacja Dziesiętna [ , ]
    • a
    • Symbol klasyfikacji
    • 338.4(26)
    • 9
    • UKD
    • 3234
    • 2
    • Identyfikator wydania tablic
    • UDC-P058
    • b
    • Dopowiedzenie
    • Gospodarka morska.
980 -Symbol UKD [ , ]
    • a
    • UKD
    • 338.4(26)
700 -Hasło dodatkowe - nazwa osobowa [ , ]
    • a
    • Nazwa osobowa (NP)
    • Sójka Zygmunt Find
Sygnatura Numer inwentarzowy Status udost. Lokalizacja Data inwentaryzacji
T.7754T.7754-2T2004-02-16